Europejskie miasta - nagła śmierć - Statystyki

Ogólne statystyki
  • Ten quiz został rozwiązany 255 razy
  • Średni wynik to 12 z 14
Answers on the Grid
Answers color-coded by a green-red scale on the quiz's grid according to % correct below.
Paryż
Sydney
Berlin
Pekin
Kopenhaga
Bratysława
Detroit
Oslo
Skopje
Miami
Toronto
Bogota
Mediolan
Lima
Wrocław
Barcelona
Dallas
Boston
Vigo
Wuhan
Bagdad
Graz
Addis Abeba
Tallinn
Guadalajara
Kabul
Kowno
Saloniki
 
Statystyki odpowiedzi
Odpowiedź % Poprawnych
Paryż
99%
Berlin
98%
Bratysława
97%
Kopenhaga
96%
Oslo
93%
Skopje
93%
Mediolan
92%
Barcelona
91%
Wrocław
91%
Saloniki
83%
Kowno
82%
Tallinn
82%
Graz
76%
Vigo
72%
Nie znaleziono quizów pasujących do podanych kryteriów
Rozkład punktacji
Procent ludzi z każdym wynikiem
Percentyl według liczby udzielonych odpowiedzi
Twoja historia wyników
Nie rozwiązałeś tego quizu